| 000 | 01432nam a2200373 a 4500 | ||
|---|---|---|---|
| 001 | ebr10591353 | ||
| 003 | CaPaEBR | ||
| 006 | m u | ||
| 007 | cr cn||||||||| | ||
| 008 | 871123s1986 gw sb 001 0 gre d | ||
| 010 | _z 87144182 | ||
| 020 | _z3322002756 | ||
| 020 | _z9783598718786 | ||
| 020 | _z9783110958225 (e-book) | ||
| 040 |
_aCaPaEBR _cCaPaEBR |
||
| 035 | _a(OCoLC)297929718 | ||
| 041 | 0 |
_agre _alat |
|
| 050 | 1 | 4 |
_aPA4491.V46 _bA63 1986eb |
| 100 | 0 | _aVettius Valens. | |
| 240 | 1 | 0 | _aAnthologiae |
| 245 | 1 | 0 |
_aVettii Valentis Antiocheni Anthologiarum libri novem _h[electronic resource] / _cedidit David Pingree. |
| 246 | 3 | 0 | _aAnthologiarum libri novem |
| 260 |
_aLeipzig : _bB.G. Teubner, _c1986. |
||
| 300 | _axxi, 583 p. | ||
| 440 | 0 |
_aBibliotheca scriptorum Graecorum et Romanorum Teubneriana, _x0233-1160 |
|
| 500 | _aGreek text; commentary in Latin. | ||
| 504 | _aIncludes bibliographical references and indexes. | ||
| 533 |
_aElectronic reproduction. _bPalo Alto, Calif. : _cebrary, _d2011. _nAvailable via World Wide Web. _nAccess may be limited to ebrary affiliated libraries. |
||
| 650 | 0 |
_aAstrology _vEarly works to 1800. |
|
| 655 | 7 |
_aElectronic books. _2local |
|
| 700 | 1 |
_aPingree, David Edwin, _d1933-2005. |
|
| 710 | 2 | _aebrary, Inc. | |
| 856 | 4 | 0 |
_uhttp://site.ebrary.com/lib/rucke/Doc?id=10591353 _zAn electronic book accessible through the World Wide Web; click to view |
| 999 |
_c105928 _d105928 |
||